Statistics for Top 10 Countries that Produce the Most Tea

Click here to take the quiz!

General Stats

  • This quiz has been taken 31,307 times
    (18,212 since last reset)
  • The average score is 6 of 10

Answer Stats

Tonnes x 1000 Country % Correct
2415China
98%
1252India
97%
80Japan
82%
144Indonesia
76%
240Vietnam
72%
102Myanmar
54%
349Sri Lanka
53%
243Turkey
39%
473Kenya
30%
90Argentina
30%

Score Distribution

Percentile by Number Answered

Percent of People with Each Score

Your Score History

You have not taken this quiz since the last reset